Virtuálne vodcovstvo v podniku diplomová práca

Saved in:
Bibliographic Details
Main Author: Sečanská, Terézia
Corporate Author: Fakulta podnikového manažmentu EU. Katedra manažmentu
Other Authors: Skorková, Zuzana, 1979-
Format: Book
Language:Slovak
Published: Bratislava 2024
Tags: Add Tag
No Tags, Be the first to tag this record!

MARC

LEADER 00000nbm a2200000 4500
001 0300921
005 20250211130327.0
041 0 |a slo 
044 |a SK 
245 1 0 |a Virtuálne vodcovstvo v podniku  |b diplomová práca  |c Terézia Sečanská ; školiteľ: Zuzana Skorková 
264 1 |a Bratislava  |c 2024 
300 |a 83 s. 
100 1 |a Sečanská, Terézia 
700 1 |a Skorková, Zuzana, 1979- 
710 2 |a Fakulta podnikového manažmentu EU. Katedra manažmentu